000 00978nam a22003017a 4500
003 CHAP
005 20220329140429.0
008 971013s1981 r 00010 d
010 _a51865
011 _a52837
035 _a56987
040 _cCHAP
082 _a628.1
_bS3
100 0 0 _aSánchez Bribiesca, José Luis.
_9107374
245 _aAspectos hidromecánicos de plantas hidrieléctricas
260 _aMéxico, D.F. :
_bComisión Federal de Electricidad,
_c1981
300 _a428 p.
_b: ilus.
590 _aBATCH-UPD
_b10
_c20130110
_lUCH01
_h0654
590 _aBATCH-UPD
_b10
_c20130110
_lUCH01
_h2333
590 _aBATCH-UPD
_b10
_c20130410
_lUCH01
_h0339
590 _aBATCH-UPD
_b10
_c20130914
_lUCH01
_h1640
590 _aCONVERSION
_b10
_c20130109
_lUCH01
_h1328
650 1 4 _aIngeniería hidráulica.
_958235
650 1 4 _aPlantas hidroeléctricas.
_988999
901 _aBK
942 _cLIBRO
949 _a628.1 S3
_bBC
_cLIBRO
_d33724000024014
_eLIBRO
_h58273
_i56987
_si
999 _c51865
_d51865